[Event "HUN-ch U14"]
[Site "Balatonlelle"]
[Date "2015.06.19"]
[Round "2"]
[White "Bege, Mate"]
[Black "Acs, Kristof"]
[Result "1-0"]
[WhiteElo "1999"]
[BlackElo "1536"]
[PlyCount "53"]
[EventDate "2015.06.18"]
[EventType "swiss"]
[EventRounds "9"]
[EventCountry "HUN"]
[SourceTitle "CBM 167 Extra"]
[Source "ChessBase"]
[SourceDate "2015.09.14"]
[SourceVersion "1"]
[SourceVersionDate "2015.09.14"]
[SourceQuality "1"]

1. e4 e5 2. Nf3 Nc6 3. Bb5 a6 4. Ba4 d6 5. d4 b5 6. Bb3 exd4 7. Bd5 Nge7 8. Nxd4 Qd7 9. 0-0 Rb8 10. Nf3 g6 11. Ng5 Nxd5 12. exd5 Ne7 13. Qd4 Rg8 14. Nxh7 Bg7 15. Nf6+ Bxf6 16. Qxf6 Nxd5 17. Re1+ Qe6 18. Rxe6+ Bxe6 19. Qf3 Nb4 20. Qc3 Nxa2 21. Qc6+ Kf8 22. Bh6+ Ke7 23. Bg5+ Kf8 24. Qxc7 Rc8 25. Qxd6+ Kg7 26. Qe5+ Kh7 27. Qg3 1-0

[Event "HUN-ch U14"]
[Site "Balatonlelle"]
[Date "2014.06.28"]
[Round "9"]
[White "Acs, Marton"]
[Black "Bege, Mate"]
[Result "1-0"]
[WhiteElo "1895"]
[BlackElo "1767"]
[PlyCount "107"]
[EventDate "2014.06.20"]
[EventType "swiss"]
[EventRounds "9"]
[EventCountry "HUN"]
[SourceTitle "EXT 2024"]
[Source "ChessBase"]
[SourceDate "2023.10.10"]
[SourceVersion "1"]
[SourceVersionDate "2023.10.10"]
[SourceQuality "1"]

1. d4 Nf6 2. Nf3 g6 3. Bg5 Bg7 4. Nbd2 d5 5. h3 b6 6. e3 0-0 7. Bd3 Bb7 8. 0-0 Nbd7 9. Bf4 c5 10. c3 Ne4 11. a4 f6 12. Nxe4 dxe4 13. Bc4+ Kh8 14. Ne1 f5 15. Be6 Ba6 16. c4 cxd4 17. exd4 Rc8 18. b3 Rf6 19. Bxd7 Qxd7 20. Be5 Rfc6 21. Bxg7+ Kxg7 22. Nc2 Rd6 23. Qc1 Qe6 24. Qf4 Qf6 25. g4 Qh4 26. Qg3 Qxg3+ 27. fxg3 Rf8 28. Rad1 fxg4 29. Rxf8 Kxf8 30. hxg4 Rf6 31. Rf1 Kg7 32. Ne3 e6 33. Rxf6 Kxf6 34. b4 Bb7 35. c5 bxc5 36. dxc5 Ke5 37. b5 Kd4 38. c6 Bc8 39. Kf2 Kc5 40. Nc2 Kb6 41. Na3 Kc5 42. Nc2 Kb6 43. Ke3 Ka5 44. Kxe4 Kxa4 45. Nd4 Kb4 46. Ke5 Kc5 47. g5 a6 48. bxa6 Bxa6 49. c7 Bc8 50. Nxe6+ Kc6 51. Kf6 Bxe6 52. Kxe6 Kxc7 53. Kf7 Kd6 54. Kg7 1-0

[Event "HUN-ch U14"]
[Site "Balatonlelle"]
[Date "2014.06.20"]
[Round "1"]
[White "Czupor, Attila"]
[Black "Bege, Mate"]
[Result "1-0"]
[WhiteElo "2089"]
[BlackElo "1767"]
[PlyCount "55"]
[EventDate "2014.06.20"]
[EventType "swiss"]
[EventRounds "9"]
[EventCountry "HUN"]
[SourceTitle "EXT 2024"]
[Source "ChessBase"]
[SourceDate "2023.10.10"]
[SourceVersion "1"]
[SourceVersionDate "2023.10.10"]
[SourceQuality "1"]

1. e4 c5 2. Nf3 d6 3. d4 cxd4 4. Nxd4 Nf6 5. Nc3 Nc6 6. Be3 Ng4 7. Bg5 Qb6 8. Bb5 Bd7 9. 0-0 Qxd4 10. Bxc6 Qxd1 11. Bxd7+ Kxd7 12. Raxd1 h6 13. Bh4 g5 14. Bg3 Bg7 15. Nd5 Rac8 16. c3 h5 17. f3 Ne5 18. Bf2 b6 19. Bd4 Rhg8 20. f4 gxf4 21. Rxf4 Rcf8 22. Rdf1 e6 23. Bxe5 exd5 24. Rxf7+ Rxf7 25. Rxf7+ Ke6 26. Rxg7 Rf8 27. Bd4 dxe4 28. Rxa7 1-0

[Event "Budapest Art Pub Cup 4th"]
[Site "Budapest"]
[Date "2014.04.17"]
[Round "1"]
[White "Toth, Nikoletta"]
[Black "Bege, Mate"]
[Result "0-1"]
[WhiteElo "1113"]
[BlackElo "1752"]
[PlyCount "86"]
[EventDate "2014.04.16"]
[EventType "swiss"]
[EventRounds "7"]
[EventCountry "HUN"]
[SourceTitle "EXT 2015"]
[Source "ChessBase"]
[SourceDate "2014.11.20"]
[SourceVersion "1"]
[SourceVersionDate "2014.11.20"]
[SourceQuality "1"]

1. e4 c5 2. c3 d5 3. d4 dxe4 4. Nd2 cxd4 5. Nxe4 e5 6. Bc4 Be7 7. Nf3 Nc6 8. Nfg5 Nh6 9. Nf3 Nf5 10. Neg5 0-0 11. 0-0 Nd6 12. Qc2 e4 13. Bd5 d3 14. Qd2 exf3 15. Nxf3 Bf5 16. c4 Bf6 17. c5 Nb5 18. Bc4 Nbd4 19. Ne1 Ne2+ 20. Kh1 Ne5 21. Bb3 Rc8 22. Bd1 Rxc5 23. Bxe2 Rd5 24. Bf3 Nxf3 25. Nxf3 Rc5 26. Rb1 Rc2 27. Qe3 Re2 28. Qf4 d2 29. Bxd2 Bxb1 30. Rxb1 Qd3 31. Rg1 Rxf2 32. Be3 Rxb2 33. Bxa7 Rxa2 34. Bc5 Rd8 35. Bb6 Re8 36. Ne1 Qe4 37. Qc7 Bd8 38. Qc5 Bxb6 39. Qxb6 Qxe1 40. h3 Qg3 41. Qc5 Rxg2 42. Rxg2 Re1+ 43. Rg1 Qxh3# 0-1

[Event "Budapest Art Pub Cup 2nd"]
[Site "Budapest"]
[Date "2013.08.09"]
[Round "1"]
[White "Bege, Mate"]
[Black "Toth, Daniel"]
[Result "0-1"]
[WhiteElo "1639"]
[BlackElo "2088"]
[PlyCount "82"]
[EventDate "2013.08.09"]
[EventType "swiss"]
[EventRounds "6"]
[EventCountry "HUN"]
[SourceTitle "CBM 156 Extra"]
[Source "ChessBase"]
[SourceDate "2013.10.22"]
[SourceVersion "1"]
[SourceVersionDate "2013.10.22"]
[SourceQuality "1"]

1. e4 b6 2. d4 Bb7 3. Nc3 e6 4. Bd3 Bb4 5. Nge2 c5 6. Bd2 Nf6 7. Nb5 Bxd2+ 8. Qxd2 0-0 9. Qf4 cxd4 10. Nexd4 e5 11. Qxe5 d5 12. Nd6 Nc6 13. Nxc6 Bxc6 14. exd5 Bxd5 15. 0-0-0 Qc7 16. Qg3 Rfd8 17. Ne4 Qc6 18. Bb5 Qe6 19. Ng5 Qe7 20. Kb1 h6 21. Nh3 Ne4 22. Qe3 Qb4 23. f3 Nc5 24. Rxd5 Rxd5 25. Bc6 Rad8 26. Bxd5 Rxd5 27. Qe8+ Kh7 28. Qxf7 Na4 29. Ng5+ Rxg5 30. Qb3 Qa5 31. g4 Qb5 32. Qa3 Rd5 33. b3 Nc3+ 34. Kb2 Qc6 35. Qb4 Rc5 36. Rf1 a5 37. Qd4 a4 38. f4 a3+ 39. Kxa3 Qa8+ 40. Kb2 Qxa2+ 41. Kc1 Ne2+ 0-1

[Event "HUN-chT U18"]
[Site "Budapest"]
[Date "2012.10.28"]
[Round "2.7"]
[White "Horvath, Balazs2222"]
[Black "Bege, Mate"]
[Result "1-0"]
[WhiteElo "1758"]
[BlackElo "1646"]
[PlyCount "77"]
[EventDate "2012.10.28"]
[EventType "team-swiss"]
[EventRounds "8"]
[EventCountry "HUN"]
[SourceTitle "EXT 2020"]
[Source "ChessBase"]
[SourceDate "2019.10.17"]
[SourceVersion "1"]
[SourceVersionDate "2019.10.17"]
[SourceQuality "1"]

1. e4 c5 2. Nf3 d6 3. d4 cxd4 4. Nxd4 Nf6 5. Nc3 g6 6. f3 Bg7 7. Be3 0-0 8. Qd2 Nc6 9. 0-0-0 Bd7 10. g4 Rc8 11. h4 h5 12. gxh5 Nxh5 13. Rg1 a6 14. Kb1 b5 15. Nxc6 Bxc6 16. Nd5 Bxd5 17. exd5 Qd7 18. Bh6 Qf5 19. Bxg7 Nxg7 20. Qg2 Rc5 21. Bd3 Qf6 22. Qg5 Qxf3 23. Qxe7 Qxd5 24. Bxg6 Qe5 25. Bh7+ Kxh7 26. Qxf8 Rc7 27. Qxd6 Qxd6 28. Rxd6 Nf5 29. Rxa6 Nd4 30. c3 Nf3 31. Rg4 Ne5 32. Rg5 Ng6 33. Rxb5 Re7 34. h5 Nf4 35. Rd6 Ng2 36. Rd1 Re2 37. a3 Ne3 38. Rd7 Rf2 39. Rbb7 1-0

[Event "HUN-chT U18"]
[Site "Miskolc"]
[Date "2011.11.05"]
[Round "6.3"]
[White "Bege, Mate"]
[Black "Szukics, Adam"]
[Result "0-1"]
[WhiteElo "1634"]
[BlackElo "1646"]
[PlyCount "74"]
[EventDate "2011.11.02"]
[EventType "team-swiss"]
[EventRounds "8"]
[EventCountry "HUN"]
[SourceTitle "EXT 2012"]
[Source "ChessBase"]
[SourceDate "2011.11.24"]
[SourceVersion "1"]
[SourceVersionDate "2011.11.24"]
[SourceQuality "1"]
[WhiteTeam "Dunaharaszti"]
[BlackTeam "Haladas II"]
[WhiteTeamCountry "HUN"]
[BlackTeamCountry "HUN"]

1. e4 e5 2. Nf3 Nc6 3. Bb5 a6 4. Ba4 Nf6 5. 0-0 b5 6. Bb3 Be7 7. Re1 0-0 8. c3 d6 9. d4 Bg4 10. Nbd2 exd4 11. Qc2 dxc3 12. Qxc3 Qd7 13. Nf1 Bxf3 14. Qxf3 Ne5 15. Qc3 c5 16. f4 Nc6 17. e5 dxe5 18. fxe5 Nd5 19. Qf3 c4 20. Bc2 Nd4 21. Qe4 Nxc2 22. Qxc2 Nb4 23. Qe4 Nd3 24. Rd1 Bc5+ 25. Be3 Bxe3+ 26. Nxe3 Qe6 27. b3 Qxe5 28. Qxe5 Nxe5 29. Rd5 Rfe8 30. bxc4 bxc4 31. Nf5 Rad8 32. Ra5 g6 33. Ng3 Re6 34. Rb1 Nd3 35. Rb7 Rde8 36. h3 Rc6 37. Rd7 c3 0-1

[Event "HUN-chT U18"]
[Site "Miskolc"]
[Date "2011.11.03"]
[Round "3.2"]
[White "Felmery, Mate"]
[Black "Bege, Mate"]
[Result "1-0"]
[WhiteElo "1864"]
[BlackElo "1634"]
[PlyCount "73"]
[EventDate "2011.11.02"]
[EventType "team-swiss"]
[EventRounds "8"]
[EventCountry "HUN"]
[SourceTitle "EXT 2012"]
[Source "ChessBase"]
[SourceDate "2011.11.24"]
[SourceVersion "1"]
[SourceVersionDate "2011.11.24"]
[SourceQuality "1"]
[WhiteTeam "Vasas"]
[BlackTeam "Dunaharaszti"]
[WhiteTeamCountry "HUN"]
[BlackTeamCountry "HUN"]

1. b4 e5 2. b5 d5 3. Bb2 Bd6 4. Nf3 f6 5. e3 Bg4 6. Be2 Ne7 7. 0-0 0-0 8. c4 Kh8 9. d4 Nd7 10. c5 Nxc5 11. dxc5 Bxc5 12. Nfd2 Bf5 13. Nb3 Bb6 14. Bd3 e4 15. Be2 c5 16. bxc6 Nxc6 17. Nd4 Bd7 18. Qb3 Nxd4 19. Bxd4 Bxd4 20. exd4 Bc6 21. Nc3 a6 22. Na4 f5 23. Rac1 f4 24. Nc5 Qf6 25. Qh3 f3 26. gxf3 exf3 27. Bd3 g6 28. Kh1 Qxd4 29. Bxg6 Qg7 30. Rg1 Rg8 31. Rg3 h6 32. Nd3 Bd7 33. Qh5 Be6 34. Ne5 Rac8 35. Rcg1 Rcf8 36. Rg5 Rf6 37. Bf7 1-0

[Event "HUN-ch U10"]
[Site "Celldoemoelk"]
[Date "2011.06.27"]
[Round "2"]
[White "Bege, Mate"]
[Black "Sos, Barnabas"]
[Result "0-1"]
[WhiteElo "1536"]
[BlackElo "1689"]
[PlyCount "46"]
[EventDate "2011.06.27"]
[EventType "swiss"]
[EventRounds "9"]
[EventCountry "HUN"]
[SourceTitle "EXT 2012"]
[Source "ChessBase"]
[SourceDate "2011.11.24"]
[SourceVersion "1"]
[SourceVersionDate "2011.11.24"]
[SourceQuality "1"]

1. e4 e5 2. Nf3 Nc6 3. Bb5 a6 4. Ba4 Qf6 5. Nc3 Nge7 6. d3 h6 7. Be3 b5 8. Bb3 b4 9. Nd5 Nxd5 10. Bxd5 Be7 11. d4 Rb8 12. Bxc6 Qxc6 13. d5 Qf6 14. Qd3 a5 15. Qc4 Bd6 16. Nd2 Ra8 17. Nb3 Ba6 18. Nxa5 Bxc4 19. Nxc4 Qg6 20. f3 Qxg2 21. Rg1 Qxf3 22. Rxg7 Qxe4 23. b3 Qxc2 0-1